Espaço do invisível (Registo nº 202111)
[ vista simples ]
| 000 -Etiqueta do registo | |
|---|---|
| Valores | 00645nam 22002173 4500 |
| 021 ## - Número do Depósito Legal | |
| Código do país | Portugal |
| Número | 16 748/87 |
| 100 ## - Dados gerais de processamento | |
| Dados gerais | 20250320d u||y0pory50 ba |
| 101 ## - Língua de publicação | |
| Língua | Português |
| 102 ## - País de publicação | |
| País | Portugal |
| 200 ## - Titulo e menção de responsabilidade | |
| Título próprio | Espaço do invisível |
| Primeira menção de responsabilidade | Vergílio Ferreira |
| 210 ## - Publicação | |
| Local de publicação | Lisboa |
| Nome do editor | Imprensa Nacional Casa da Moeda |
| Data de publicação | imp. 1987 |
| 215 ## - Descrição física | |
| Paginação / Volumes | 4 v. (314, [3] p.) |
| Outras indicações físicas | il.; brochado |
| Dimensões | 24 cm |
| 225 ## - Colecção | |
| Título próprio da colecção | Temas portugueses |
| 606 ## - Nome comum usado como assunto | |
| ID Autoridade | 1822 |
| Palavra de ordem | Literatura Portuguesa Ensaio |
| 675 ## - CDU | |
| Notação | 82.134.3-4"19" |
| Edição | PT |
| Língua | por |
| 700 ## - Autor principal (pessoa individual) | |
| ID Autoridade | 1045 |
| Apelido | Ferreira |
| Nome | Vergílio |
| Datas | 1916-1996 |
| 801 ## - Fonte de origem | |
| País | PT |
| Agência | BMMN |
| Regras de catalogação | RPC |
| 830 ## - Notas gerais do catalogador | |
| Criado por | Ana Falardo |
| Indexado por | Ana Falardo |
| 990 ## - Elementos KOHA | |
| Tipo de documento | Livro |
| Situação do levantamento | Biblioteca de origem | Código de barras | Cota | Permissão de empréstimo | Tipo de documento | Nota relativa ao exemplar | Forma de aquisição |
|---|---|---|---|---|---|---|---|
| Biblioteca Municipal de Montemor-o-Novo | 31533 | 82.134.3-4 FER|SAF | Livro | Acesso Condicionado | Oferta |